[Event "World U20-ch22"]
[Site "Belfort"]
[Date "1983.08.20"]
[Round "8"]
[White "Hector, Jonny"]
[Black "Short, Nigel D"]
[Result "0-1"]
[WhiteElo "2300"]
[BlackElo "2510"]
[Annotator "Bulletin/Primel,D"]
[PlyCount "76"]
[EventDate "1983.08.12"]
[EventType "swiss"]
[EventRounds "13"]
[EventCountry "FRA"]
[SourceTitle "EXT 2004"]
[Source "ChessBase"]
[SourceDate "2003.11.25"]
[SourceVersion "1"]
[SourceVersionDate "2003.11.25"]
[SourceQuality "1"]

1. e4 e6 2. d4 d5 3. Bd3 {Une ligne secondaire} (3. Nc3) (3. Nd2) (3. e5) 3...
dxe4 4. Bxe4 Nf6 5. Bf3 c5 6. Ne2 Nc6 7. Be3 cxd4 $146 {La nouveauté n'est pas
meilleure que l'ancienne suite e5} (7... e5 $5 {Choisi par ALAPIN dans une
partie en ... 1905}) 8. Nxd4 Ne5 9. Nc3 a6 10. O-O Qc7 11. Bf4 {[%cal Gf4c7]}
Bd6 $2 12. Kh1 $2 (12. Ncb5 $1 Nxf3+ 13. Nxf3 axb5 14. Bxd6 $16 {[%csl Gd6,Re8]
Non seulement le K noir est bloqué au centre mais les cases noires de
l'anglais sont trés faibles}) 12... Nxf3 13. Ndb5 {Moins fort qu'au 12ème coup}
axb5 14. Bxd6 Qc6 15. gxf3 b6 $1 {[%csl Rf3,Rh1][%cal Gc8b7]} 16. Qd3 b4 $6 (
16... Ba6 {[%csl Rf1][%cal Gb5b4,Ga6d3]} 17. Bb4 Rd8) (16... Bb7 17. Nxb5 Qxf3+
18. Qxf3 Bxf3+ 19. Kg1 Kd7 20. c4 Bc6 $17) 17. Nb5 Ba6 18. a4 Nd5 19. Rfe1 Rc8
20. Rad1 (20. Qd4 {[%cal Gd4g7]} Bxb5 21. Qxg7 Qxd6 22. Qxh8+ Kd7 23. Qxh7)
20... Bxb5 21. Qxd5 Qxd5 22. Rxd5 Bxa4 23. Bxb4 (23. b3) 23... Rxc2 24. Rd4 Bc6
25. Kg2 h5 26. Ra1 Rh6 27. Ra7 Rg6+ 28. Kh3 Bd5 $17 29. Re7+ Kd8 30. Rxf7 Rxf2
31. Be1 Rxb2 32. Bh4+ Kc8 33. Rd1 Rc2 34. Rd3 Rgg2 35. Bg3 g5 36. Rg7 Bxf3 37.
Rxg5 Bg4+ 38. Kh4 Rxh2+ {[%mdl 8]} 0-1

[Event "Vienna op"]
[Site "Vienna"]
[Date "1996.??.??"]
[Round "7"]
[White "Tischbierek, Raj"]
[Black "Lputian, Smbat G"]
[Result "0-1"]
[WhiteElo "2500"]
[BlackElo "2595"]
[Annotator "Chekhov,V"]
[PlyCount "50"]
[EventDate "1996.??.??"]
[EventType "swiss"]
[EventRounds "9"]
[EventCountry "AUT"]
[SourceTitle "CBM 053 Extra"]
[Source "ChessBase"]
[SourceDate "1996.09.01"]
[SourceVersion "1"]
[SourceVersionDate "1996.09.01"]
[SourceQuality "1"]

1. e4 e6 2. d4 d5 3. Nc3 Bb4 4. exd5 exd5 5. Bd3 Nc6 6. a3 (6. Nge2 $5) 6...
Bxc3+ (6... Be7 $5) (6... Ba5 $5) 7. bxc3 Nf6 (7... Qf6 $5) (7... Nge7 8. Qh5
Be6 9. Rb1 b6 10. Nf3 Qd7 11. Ng5 O-O-O 12. Nxe6 Qxe6+ 13. Be3 g6 14. Qf3 Nf5
15. O-O Nxe3 16. Rfe1 Qd6 17. fxe3 f5 $132 {Glek,I-Djurhuus,R/Copenhagen/1996/
0|1/47/}) 8. Ne2 O-O 9. Bg5 h6 10. Bh4 Na5 11. O-O Qd6 12. Bg3 $6 (12. Rb1 b6
13. f4 Nc4 14. Bxc4 dxc4 15. Ng3 Bb7 16. Qe2 Rae8 17. Qxc4 Nd5 $36 {Hjilmas,
L-Arkhipov,S/Gausdal/1991/0|1/25/}) (12. Re1 $5) 12... Qc6 13. Qc1 Nc4 14. Bh4
(14. Qf4 Nd6 $132) 14... Re8 15. Re1 Bd7 16. f3 (16. Bxf6 Qxf6 17. Bxc4 dxc4
18. Ng3 Re6 $15) 16... Nh7 (16... Re7 $5 17. Bxf6 Qxf6 18. Bxc4 dxc4 19. Ng3
Rae8 20. Qd2 $132) 17. g4 Re6 18. Nf4 (18. Bf5 Re3 19. Bxd7 Qxd7 $17) 18...
Rxe1+ 19. Bxe1 Re8 20. Bf2 f5 21. h3 (21. Bxf5 Bxf5 22. gxf5 Qf6 23. Nxd5 Qxf5
$36) (21. gxf5 Nd6 $17) 21... Ng5 22. Kg2 fxg4 23. hxg4 (23. fxg4 Ne4 $17)
23... Qf6 24. Bxc4 dxc4 25. Qd2 Rf8 (25... Rf8 26. Bg3 Nxf3 27. Kxf3 g5 28. Rg1
gxf4 29. Bf2 Qg6 30. d5 Re8 31. Qd4 Qxc2 $19) 0-1

[Event "Vienna op"]
[Site "Vienna"]
[Date "1996.??.??"]
[Round "4"]
[White "Barle, Janez"]
[Black "Glek, Igor Vladimirovich"]
[Result "1-0"]
[WhiteElo "2670"]
[BlackElo "2445"]
[Annotator "Chekhov,V"]
[PlyCount "81"]
[EventDate "1996.??.??"]
[EventType "swiss"]
[EventRounds "9"]
[EventCountry "AUT"]
[SourceTitle "CBM 053 Extra"]
[Source "ChessBase"]
[SourceDate "1996.09.01"]
[SourceVersion "1"]
[SourceVersionDate "1996.09.01"]
[SourceQuality "1"]

1. e4 e6 2. d4 d5 3. exd5 exd5 4. Nf3 Bg4 5. Nc3 (5. h3 Bh5 6. Qe2+ $5 Qe7 7.
Be3 Nd7 8. Nc3 c6 9. O-O-O Ngf6 10. g4 Bg6 11. Ne5 Nxe5 12. dxe5 Ne4 (12...
Qxe5 $2 13. f4 Qe7 14. f5 $18) 13. Nxd5 $1 cxd5 14. Qb5+ Qd7 15. Rxd5 Qc6 16.
Qb3 a6 17. Bg2 Be7 18. f4 f5 19. Bxe4 fxe4 20. f5 $16 {Degraeve,J-Becking,S/
Groningen/1995/1|0/41/}) 5... c6 6. h3 Bh5 7. Be2 Bd6 8. Be3 (8. Ne5 $5 Bxe2 9.
Qxe2 Ne7 10. Bf4 O-O 11. O-O-O $14) 8... Nd7 9. Ne5 Bxe2 10. Qxe2 Ne7 (10...
Nxe5 11. dxe5 Bb4 12. Qd3 $14) 11. Bf4 Bxe5 (11... O-O 12. Nxf7 (12. Nxc6 $2
Nxc6 13. Bxd6 Re8 14. Be5 Nxd4 $19) (12. O-O-O $5) 12... Rxf7 13. Bxd6 Nf5 14.
Be5 Re7 15. O-O-O Nxd4 16. Rxd4 Nxe5 $10) (11... Qc7 $5) 12. Bxe5 O-O 13. O-O-O
Ng6 (13... Re8 $5) 14. Bg3 Re8 15. Qd3 Qg5+ 16. Kb1 Re6 (16... Nf4 $6 17. Qd2)
(16... Nh4 $5) 17. h4 Qh5 18. f3 Rae8 19. Qd2 (19. Rde1 Rxe1+ 20. Bxe1 (20.
Rxe1 Rxe1+ 21. Bxe1 Nxh4 22. Qe2 Ng6 $17) 20... Nf4 21. Qd2 Qf5 $132) 19... f5
20. Rde1 Ndf8 21. Reg1 $6 (21. Rxe6 Rxe6 22. Re1 (22. Ne2 $22 h6 23. Nc1 $132)
22... f4 23. Bf2 Qf5 $10) 21... Rf6 22. Re1 (22. Bf2 f4 23. Qd3 Rfe6 $15) 22...
Rxe1+ (22... Rfe6 $5) 23. Qxe1 f4 24. Bf2 Ne6 $6 (24... Re6 25. Qd2 h6 26. Qd3
Ne7 27. Ne2 Nfg6 $15) 25. Ne2 Ngf8 26. Nc1 Rg6 27. Rg1 Qf5 28. Nd3 Nd7 29. Qa5
$1 a6 30. Qb4 b6 31. Qd6 Ndf8 (31... Nxd4 32. Qxf4 Qxf4 33. Nxf4 Rf6 34. Nxd5
cxd5 35. Bxd4 $18) 32. Qb8 (32. Qxc6 Nc5 33. Qe8 Nxd3 34. cxd3 Qxd3+ 35. Ka1
Re6 $36) 32... c5 (32... b5 33. Ne5 Rf6 34. Nxc6 $18) 33. Qxb6 (33. dxc5 bxc5
34. Nxc5 Nxc5 35. Bxc5 Rc6 36. b4 $18) 33... Nxd4 (33... cxd4 34. Qxa6 Nc5 35.
Qb5 Nxd3 36. Qxd3 $18) 34. Qxc5 $18 Nb5 35. Qb4 (35. Nb4 $5 Rd6 36. a4 Ne6 37.
Qc8+ Rd8 38. Qxa6 $18) 35... Ne6 36. a4 Nbc7 37. Qb8+ Kf7 38. Bb6 Ne8 39. Ne5+
Kf8 40. Nxg6+ Qxg6 41. Qe5 1-0

[Event "Hamburger SK 150th anniversary"]
[Site "Hamburg"]
[Date "1980.05.09"]
[Round "7"]
[White "Kiffmeyer, Constanz"]
[Black "Bellin, Robert"]
[Result "0-1"]
[WhiteElo "2310"]
[BlackElo "2440"]
[Annotator "ChessBase"]
[PlyCount "80"]
[EventDate "1980.05.03"]
[EventType "schev"]
[EventRounds "10"]
[EventCountry "GER"]
[SourceTitle "MCL"]
[Source "ChessBase"]
[SourceDate "1999.07.01"]
[SourceVersion "1"]
[SourceVersionDate "1999.07.01"]
[SourceQuality "1"]

1. d4 e6 2. e4 d5 3. exd5 exd5 4. Nf3 Bf5 5. c4 $6 (5. c3 $5 {/\6.Qb3}) 5...
Bb4+ 6. Nc3 Ne7 $1 7. Qb3 Nbc6 8. a3 Bxc3+ 9. bxc3 O-O 10. c5 $2 (10. cxd5 $142
) 10... b6 $1 $15 11. cxb6 cxb6 $1 {><c4,><c3} 12. Be2 Na5 13. Qa2 Rc8 $17 14.
Bd2 Ng6 15. O-O Qd6 16. Rfe1 Nc4 17. a4 Rc6 18. Rad1 Rfc8 19. Bc1 h6 20. Ne5
Ngxe5 21. dxe5 Qg6 22. Bf3 (22. Rxd5 $2 Be4 $19) 22... Be4 23. Bxe4 dxe4 24.
Bf4 Rc5 25. Rd4 Nxe5 26. Bg3 Nd3 27. Rexe4 Rxc3 28. h3 Rc1+ 29. Kh2 Rf1 30. Rc4
Nc5 31. Qe2 Rd8 32. Rg4 Qb1 33. Be5 Rh1+ 34. Kg3 Qd3+ 35. Qxd3 Rxd3+ 36. f3 Ne6
37. Rc8+ Kh7 38. Ra8 Re1 39. Bxg7 Nxg7 40. Rxa7 Nf5+ 0-1

[Event "Salamanca"]
[Site "Salamanca"]
[Date "1989.??.??"]
[Round "?"]
[White "Polgar, Judit"]
[Black "Rivas Pastor, Manuel"]
[Result "1-0"]
[WhiteElo "2555"]
[BlackElo "2505"]
[Annotator "ChessBase"]
[PlyCount "65"]
[EventDate "1989.04.??"]
[EventType "tourn"]
[EventRounds "11"]
[EventCountry "ESP"]
[EventCategory "9"]
[SourceTitle "CBM 013"]
[Source "ChessBase"]
[SourceDate "1989.12.01"]
[SourceVersion "1"]
[SourceVersionDate "1989.12.01"]
[SourceQuality "1"]

1. e4 e6 2. d4 d5 3. Nc3 Bb4 4. exd5 exd5 5. Bd3 Nf6 (5... Nc6 6. Nge2 Nge7 7.
O-O Bf5 $10) 6. Nge2 {6.Bg5} h6 $6 7. Be3 c6 (7... O-O 8. Qd2 Ne4 9. Bxe4 dxe4
10. a3 Bxc3 11. Nxc3 $14) 8. Qd2 a5 9. a3 Be7 {>= 9...Be7} 10. f3 $1 Na6 11. g4
Nh7 12. Ng3 $16 Ng5 {12...0-0} 13. Qe2 b5 14. f4 Nh7 (14... Ne6 15. f5 Nf8 16.
Nh5 $16) 15. g5 $1 hxg5 16. fxg5 $16 g6 17. h4 b4 $2 {>= 17...Nf8} 18. Na4 bxa3
19. bxa3 Nf8 20. Bf4 $1 Ne6 21. Be5 Rg8 (21... Rf8 22. O-O Ra7 23. Rxf7 $1 Kxf7
24. Bxg6+ $18) 22. O-O Ra7 23. c4 $1 Bd6 24. cxd5 Bxe5 25. Qxe5 Qxd5 (25...
cxd5 26. Bb5+) 26. Ne4 $1 Qxe5 27. dxe5 Kd8 28. Rad1 Nb8 29. Bc4+ Bd7 (29...
Ke7 30. Nd6 Rf8 31. Rxf7+ Rxf7 32. Nxc8+ $18) 30. Rxf7 Re8 31. Nb6 Rb7 32. Nxd7
Rxd7 33. Rfxd7+ {Judit Polgar} 1-0

[Event "Interzonal-16"]
[Site "Biel"]
[Date "1993.??.??"]
[Round "7"]
[White "Barua, Dibyendu"]
[Black "Gulko, Boris F"]
[Result "0-1"]
[WhiteElo "2510"]
[BlackElo "2635"]
[Annotator "ChessBase"]
[PlyCount "72"]
[EventDate "1993.07.16"]
[EventType "swiss"]
[EventRounds "13"]
[EventCountry "SUI"]
[SourceTitle "CBM 037"]
[Source "ChessBase"]
[SourceDate "1993.12.01"]
[SourceVersion "1"]
[SourceVersionDate "1993.12.01"]
[SourceQuality "1"]

1. e4 e6 2. d4 d5 3. exd5 exd5 4. Bd3 Nf6 5. h3 $6 (5. Bg5) (5. Nf3) 5... c5 $5
6. c3 Nc6 (6... cxd4 7. cxd4 Nc6 $10) 7. Nf3 c4 8. Bc2 Bd6 9. O-O Be6 (9... O-O
10. Bg5 $14) 10. Ng5 (10. Bg5 h6 $15) (10. Re1 $5) 10... Bd7 11. f4 $6 O-O 12.
Nf3 Ne7 $1 13. Ne5 Bf5 14. Nd2 Bxc2 15. Qxc2 Nh5 $1 16. Qd1 (16. g4 Nxf4 17.
Rxf4 f6 $17) (16. f5 f6 17. Ng4 Ng3 $17) 16... Ng3 17. Rf3 Ngf5 (17... Nef5 18.
Qe1 f6 19. Rxg3 Nxg3 20. Qxg3 fxe5 21. fxe5 $44) 18. Nf1 f6 19. Ng4 Qd7 20. Bd2
Ng6 $6 (20... b5 $17) 21. g3 Rae8 22. Qc2 Re2 23. Re1 Rxe1 24. Bxe1 Re8 25.
Nge3 $6 (25. Bf2 $15) 25... Nxe3 26. Rxe3 Rxe3 27. Nxe3 Qxh3 28. Qa4 (28. Nxd5
$2 Qe6 $19) 28... h5 29. Qe8+ (29. Qb5 Bxf4 30. Qe8+ Kh7 31. gxf4 Nxf4 $17)
29... Kh7 30. Bf2 (30. Nxd5 h4 31. Qf7 Kh6 $19) 30... Bxf4 $1 31. gxf4 Nxf4 32.
Be1 Ne2+ 33. Kf2 Qh2+ 34. Kf1 (34. Ng2 Nf4 $19) 34... Nf4 35. Bf2 Qh1+ 36. Bg1
Qf3+ 0-1

[Event "Paris FIDE GP"]
[Site "Elancourt"]
[Date "2013.10.03"]
[Round "10"]
[White "Grischuk, Alexander"]
[Black "Dominguez Perez, Leinier"]
[Result "1/2-1/2"]
[WhiteElo "2785"]
[BlackElo "2757"]
[Annotator "ChessBase Website"]
[PlyCount "59"]
[EventDate "2013.09.22"]
[EventType "tourn"]
[EventRounds "11"]
[EventCountry "FRA"]
[EventCategory "20"]
[SourceTitle "CBM 157"]
[Source "ChessBase"]
[SourceDate "2013.11.12"]
[SourceVersion "1"]
[SourceVersionDate "2013.11.12"]
[SourceQuality "1"]
[TimeControl "40/7200:20/3600:900+30"]
[WhiteClock "2:00:00"]
[BlackClock "2:00:00"]

1. e4 {[%emt 0:00:04]} e5 {[%emt 0:00:47]} 2. Nf3 {[%emt 0:04:29]} Nf6 {
[%emt 0:00:08]} 3. Nxe5 {[%emt 0:09:25]} d6 {[%emt 0:00:19]} 4. Nf3 {[%emt 0:
00:09]} Nxe4 {[%emt 0:00:09]} 5. d3 {[%emt 0:01:44] The Russian player played
an unusual 5.d3 which transposes into an exchange French, hardly the most
testing way of playing against the Petroff. Dominguez had no problems holding
equality and forcing a repetition shortly afterwards.} Nf6 {[%emt 0:00:16]} 6.
d4 {[%emt 0:00:03]} d5 {[%emt 0:14:07]} 7. Bg5 {[%emt 0:16:27]} Be7 {[%emt 0:
05:23]} 8. Bd3 {[%emt 0:00:28]} O-O {[%emt 0:01:51]} 9. O-O {[%emt 0:06:42]}
Bg4 {[%emt 0:13:39]} 10. Nbd2 {[%emt 0:02:07]} Nbd7 {[%emt 0:01:05]} 11. c3 {
[%emt 0:06:56]} (11. Re1) 11... c6 {[%emt 0:10:25]} 12. Qc2 {[%emt 0:04:40]} (
12. Re1) 12... h6 {[%emt 0:03:34]} 13. Bf4 {[%emt 0:08:47]} (13. Bh4 Re8 14.
Rfe1) 13... Nh5 $11 {[%emt 0:16:31]} 14. Be5 {[%emt 0:00:37]} Nxe5 {[%emt 0:01:
00]} 15. dxe5 {[%emt 0:10:58]} Nf4 {[%emt 0:06:54]} 16. Bh7+ {[%emt 0:05:35]}
Kh8 {[%emt 0:00:02]} 17. Bf5 {[%emt 0:00:06]} Bxf5 {[%emt 0:00:07]} 18. Qxf5 {
[%emt 0:00:04]} Ne6 {[%emt 0:00:07]} 19. Nd4 {[%emt 0:00:05]} Bc5 {[%emt 0:06:
15]} 20. N2b3 {[%emt 0:17:43]} Bxd4 {[%emt 0:04:06]} 21. Nxd4 {[%emt 0:03:05]}
Qb6 {[%emt 0:00:34]} 22. Qd3 {[%emt 0:10:11]} Qxb2 {[%emt 0:02:30]} 23. Rfb1 {
[%emt 0:02:49]} Qa3 {[%emt 0:00:55]} 24. Nxe6 {[%emt 0:00:03]} fxe6 {[%emt 0:
00:07]} 25. Rxb7 {[%emt 0:00:03]} Rab8 {[%emt 0:11:03]} 26. Rc7 {[%emt 0:00:09]
} Rbc8 {[%emt 0:05:08]} 27. Rb7 {[%emt 0:00:18]} Rb8 {[%emt 0:01:39]} 28. Rc7 {
[%emt 0:00:01]} Rbc8 {[%emt 0:02:23]} 29. Rb7 {[%emt 0:00:32]} Rb8 {[%emt 0:01:
49]} 30. Rc7 {[%emt 0:00:05]} 1/2-1/2

[Event "FIDE-Wch k.o."]
[Site "New Delhi/Teheran"]
[Date "2000.11.28"]
[Round "1.2"]
[White "Blehm, Pawel"]
[Black "Lputian, Smbat G"]
[Result "1/2-1/2"]
[WhiteElo "2510"]
[BlackElo "2598"]
[Annotator "Cifuentes Parada,L"]
[PlyCount "80"]
[EventDate "2000.11.27"]
[EventType "k.o."]
[EventRounds "7"]
[EventCountry "IND"]
[SourceTitle "CBM 080"]
[Source "ChessBase"]
[SourceDate "2001.01.25"]
[SourceVersion "1"]
[SourceVersionDate "2001.01.25"]
[SourceQuality "1"]

1. e4 e6 2. d4 d5 3. Nc3 Bb4 4. exd5 exd5 5. Bd3 Nc6 6. a3 (6. Nge2 Nge7 7. O-O
Bf5 8. Ng3 (8. Bxf5 Nxf5 9. Qd3 Qd7 10. Bf4 (10. Nd1 $6 O-O 11. Ne3 Nxe3 12.
Bxe3 Rfe8 $15 {Capablanca-Alekhine, Buenos Aires (1) 1927}) 10... O-O-O $11)
8... Bxd3 (8... Nxd4 $2 9. Nxf5 Ndxf5 10. Bxf5 Nxf5 (10... d4 11. Qg4 h5 12.
Qe4 $16) 11. Nxd5 Be7 12. Qd3 $16) 9. Qxd3 O-O 10. Bg5 Qd7 11. Bxe7 Nxe7 $11 {
Shabanov-Rosentalis, Uzhgorod 1988}) 6... Bxc3+ (6... Be7 $143 7. Bf4 $1 (7.
Nce2 Bf6 $5 8. c3 Nge7 9. Ng3 g6 $1 10. Bh6 $5 (10. Qf3 Bg7 11. Bg5 h5 $15 {
Sanz Alonso-Mariotti, Las Palmas 1978}) 10... Ng8 11. Bf4 h5 12. h3 h4 13. Nf1
Nh6 14. Ne3 Be6 $13 {Ater-Lederman, Beersheva II 1991} 15. Nf3 g5 16. Bh2 Qe7
17. Qe2 O-O-O 18. O-O-O) (7. Be3 Nf6 8. h3 O-O 9. Qf3 Na5 10. Nge2 c6 (10...
Nc4 $2 11. Nxd5 $1 Nxb2 12. Nxf6+ Bxf6 13. Bxh7+ Kxh7 14. Qh5+ Kg8 15. Qb5 $14)
11. b3 b5 12. O-O Nb7 13. Ng3 Nd6 14. a4 b4 15. Nce2 a5 16. Nf4 Ba6 17. Rfe1
Qd7 18. Rac1 Bxd3 19. cxd3 Rac8 $11 {Ochoa,J-Rahal/ Barcelona 1994}) 7... Be6 (
7... Nxd4 $2 8. Bb5+ $1) 8. Nf3 Nf6 9. Qd2 O-O 10. h3 Re8 11. O-O-O $14 {
Berend,F-Atlas,D/ Yerevan (ol) 1996}) 7. bxc3 Nf6 (7... Nge7 8. Qh5 $1 Be6 9.
Rb1 Qc8 10. Ne2 Bg4 (10... Bf5 $6 11. Nf4 Be6 12. O-O Nd8 13. Re1 c6 14. a4 h6
15. Ba3 $16 {Glek-Naumkin, Italia 1993}) 11. Qg5 Bxe2 12. Bxe2 O-O 13. O-O b6
14. Bd3 Qd7 15. Qh5 $14) 8. Ne2 Na5 $1 (8... O-O 9. O-O Ne7 $6 {ist auch nicht
schlecht.} (9... Na5 $1 {see game}) 10. Ng3 Ng6 11. f4 $1 Re8 12. f5 Nf8 13.
Bg5 Qd6 14. Bxf6 Qxf6 15. Qg4 $1 $14) 9. O-O O-O {''Schwarz beabsichtigt Qd6
zu spielen (auf sofortiges 9...Qd6 wäre 10.Bf4 gefolgt).''} 10. Ng3 (10. Bg5 h6
11. Bh4 Qd6 12. Rb1 b6 13. Qd2 (13. f4 $2 Nc4 14. Bxc4 dxc4 15. Ng3 Bb7 16. Qe2
Rae8 17. Qxc4 Nd5 $17 {0-1 Hjelmaas,L-Arkhipov,S/Gausdal PG 1991/TD 91\06 (25)}
) 13... Bd7 14. f3 Rfe8 15. Rfe1 Nh7 $13) 10... Bg4 $1 (10... Nc4 11. Re1 (11.
Nh5 $6 Ne4 $1 12. Re1 f5) 11... Bg4 12. f3 Be6 13. Bg5 (13. Nf5 Bxf5 14. Bxf5
Qd6) 13... h6 14. Bxf6 Qxf6 15. Bxc4 dxc4 16. Nh5 $1 Qh4 17. Re5 Rfe8 18. Qe2
Bd7 19. Re1 $14) 11. f3 (11. Qd2 h6 $1 (11... Nc4 $143 12. Qg5 $1 h6 (12... Nd6
13. Qh4) 13. Qh4 Re8 (13... Qd6 14. Bf5 $1) 14. Bxh6 $3 gxh6 15. Qxh6 Be6 (
15... Qd6 16. Bf5) (15... a5 16. Bf5 Ra6 17. f3 $18) (15... Nd6 16. Rae1 Rxe1
17. Rxe1 Nde4 18. f3 Nxg3 19. Re5 $1 $18) 16. f4 $1 $40) 12. Qf4 Re8 13. h3 Be6
14. Qf3 Nc4 15. Bf4 Nd6 16. Rfe1 c6 17. Re2 Nde4 18. Nxe4 dxe4 19. Bxe4 Nxe4
20. Rxe4 Bd5 21. Rxe8+ Qxe8 $44 22. Qg3 (22. Qd3) 22... Qe6 23. Bd2 Qg6 24.
Qxg6 fxg6) 11... Bd7 12. Re1 Re8 (12... Nc4 13. Bf4 Re8 14. Be5 h6 15. Bxc4
dxc4 16. Qe2 Be6 17. Bxf6 Qxf6 18. Ne4 Qd8 19. Nc5 Bd5 20. Qxe8+ Qxe8 21. Rxe8+
Rxe8 22. Kf2 b6 23. Na4 f5 24. Re1 Rxe1 25. Kxe1 f4 26. Nb2 Kf7 27. Nd1 Be6 28.
Nf2 Bf5 29. Kd2 Ke6 30. Nd1 g5 31. Nf2 Kd5 32. g4 Bh7 33. h4 Ke6 34. hxg5 hxg5
35. Nh3 {1/2-1/2 Spraggett,K-Eingorn/Metz open 1997}) 13. Bf4 Rxe1+ 14. Qxe1
Nc4 15. Bxc4 dxc4 16. Qe5 Qe8 $1 17. Qc5 (17. Qxc7 $6 Nd5 18. Qd6 Nxc3 19. h3 (
19. Kf2 Be6) 19... Ba4) 17... Be6 18. Bg5 b6 (18... Nd5 19. Qxc4) 19. Qxc7 Nd5
20. Qxc4 Rc8 21. Qe2 Qc6 22. Bd2 Nxc3 23. Qd3 Qc4 $1 $44 24. Qxc4 Rxc4 25. Bxc3
Rxc3 26. Rc1 (26. d5 $6 Bd7 $1) 26... Kf8 27. Ne4 Rxa3 28. c4 Ke7 29. d5 Bf5
30. c5 bxc5 31. Rxc5 Bxe4 $11 32. fxe4 Re3 33. Rc4 f5 34. exf5 Kf6 35. Rc6+
Kxf5 36. Rc7 Kf6 37. Rxa7 Re7 38. Ra5 Rd7 39. Kf2 Ke5 40. Ke3 Rxd5 1/2-1/2

[Event "URS-ch FL54"]
[Site "Kuibyshev"]
[Date "1986.??.??"]
[Round "?"]
[White "Kaidanov, Gregory S"]
[Black "Huzman, Alexander"]
[Result "1-0"]
[WhiteElo "2415"]
[BlackElo "2390"]
[Annotator "Dolmatov,S"]
[PlyCount "84"]
[EventDate "1986.10.??"]
[EventType "tourn"]
[EventRounds "17"]
[EventCountry "URS"]
[EventCategory "9"]
[SourceTitle "MCL"]
[Source "ChessBase"]
[SourceDate "1999.07.01"]
[SourceVersion "1"]
[SourceVersionDate "1999.07.01"]
[SourceQuality "1"]

1. e4 e6 2. d4 d5 3. Nc3 Bb4 4. exd5 exd5 5. Bd3 Nc6 6. a3 Bxc3+ (6... Be7 $6
7. Be3 Nf6 8. h3 Na5 9. b3 O-O 10. Nf3 b6 $15 {Szabo,L-Bronstein,D/Portoroz/
1958/}) 7. bxc3 Qf6 $6 (7... Nge7 8. Qh5 Be6 9. Ne2 Qd7 10. O-O h6 11. Re1 Bg4
12. Qh4 O-O-O 13. h3 Bf5 $10 {Miles,A-Korchnoi,V/Buenos Aires/1979/}) 8. Qh5
Nce7 9. Bg5 Qc6 10. Rb1 (10. Ne2 Nf6 11. Bxf6 Qxf6 $10) 10... Nf6 $6 (10...
Qxc3+ $5 11. Bd2 Qxd4 12. Nf3 Nf6 $1 (12... Qg4 13. Qxg4 Bxg4 14. Rxb7 $44) 13.
Qg5 Qg4 $15) 11. Bxf6 Qxf6 12. Nf3 h6 13. O-O g6 $6 (13... O-O $5 14. Rfe1 Nf5
15. Bxf5 $6 Bxf5 16. Rxb7 Qc6 $10) 14. Qe5 Qxe5 15. Nxe5 O-O 16. Rfe1 Kg7 17.
Nd7 Re8 18. Nc5 $16 Kf8 (18... b6 $2 19. Bb5 $18) 19. Nxb7 Rb8 20. Nc5 Rb6 21.
a4 Nf5 22. Rxe8+ $6 (22. Rec1 a5 23. Rb5 $16) 22... Kxe8 23. Rb3 (23. Re1+ $5
Kf8 24. a5 Rb2 25. Ra1 Nd6 26. Na4 Rb8 27. f3 Bf5 28. Kf2 $16) 23... a5 24. Rb5
Nd6 (24... Rxb5 25. Bxb5+ $1 (25. axb5 Nd6 26. Kf1 Bf5) 25... Ke7 26. Nb3 Nd6
27. Nxa5 $16) 25. Rxa5 Rb1+ 26. Bf1 Bf5 27. f3 Nc4 28. Ra8+ Ke7 29. Kf2 Rb2 30.
g4 (30. Bxc4 $6 dxc4 31. g4 Rxc2+ 32. Kg3 Bd3 $132) 30... Bxc2 (30... Rxc2+ 31.
Kg3 Be6 32. a5 $16) 31. Kg3 Ne3 32. Bb5 c6 33. Ra7+ (33. Bxc6 Nf1+ 34. Kf2 Bd3+
35. Kg1 Bc4 $132) 33... Kf6 34. Bxc6 Bd1 (34... Nf1+ 35. Kf2 Bxa4+ (35... Bd3+
36. Kg1 Bc4 37. Be8 $40) 36. Kxf1 Bxc6 37. Ra6 $18) 35. Nd7+ Ke6 36. Bb5 Be2
37. Nc5+ Kf6 38. Nd7+ Ke6 39. Nf8+ Kf6 40. Be8 $1 Nf1+ 41. Kh4 Kg7 42. Rxf7+
Kg8 (42... Kg8 43. Nd7 $18) 1-0

[Event "Haifa"]
[Site "Haifa"]
[Date "1995.??.??"]
[Round "9"]
[White "Kosashvili, Yona"]
[Black "Psakhis, Lev"]
[Result "1-0"]
[WhiteElo "2560"]
[BlackElo "2625"]
[Annotator "Dolmatov,S"]
[PlyCount "111"]
[EventDate "1995.01.??"]
[EventType "tourn"]
[EventRounds "11"]
[EventCountry "ISR"]
[EventCategory "14"]
[SourceTitle "CBM 046"]
[Source "ChessBase"]
[SourceDate "1995.06.01"]
[SourceVersion "1"]
[SourceVersionDate "1995.06.01"]
[SourceQuality "1"]

1. e4 e6 2. d4 d5 3. exd5 exd5 4. Nf3 Nc6 5. Bb5 Bd6 6. O-O (6. c4 dxc4 7. d5
a6 8. Ba4 b5 9. dxc6 bxa4 10. O-O Ne7 11. Qxa4 O-O 12. Nbd2 c3 13. bxc3 Qe8 $10
) 6... Nge7 7. c4 dxc4 (7... a6 $6 8. Bxc6+ Nxc6 9. cxd5 Ne7 10. Nc3 O-O $14)
8. Bxc4 (8. d5 $2 Nxd5 $17) 8... O-O 9. h3 Bf5 $6 (9... Nf5 $5 10. d5 Ne5 11.
Nxe5 Bxe5 $15) 10. Nc3 Qd7 (10... Ng6 $5 11. Be3 (11. Re1 Nh4 12. Be3 $10)
11... Na5 12. Be2 Nf4 $10) 11. a3 Ng6 12. Re1 Rae8 13. Be3 a6 14. Bf1 Qd8 15.
Na4 Nh4 (15... Bc8 16. Nc5 b6 (16... Nce7 17. Bc4 Nf4 18. Ne5 Nfd5 $14) 17.
Nxa6 Bb7 18. b4 Qa8 19. b5 Nce7 20. Nb4 Nd5 $44) 16. Nc5 Bxc5 $6 (16... Nxf3+
17. Qxf3 Bc8 18. Rad1 $14 (18. Nxa6 Nxd4 19. Bxd4 bxa6 $10)) 17. Nxh4 Qxh4 18.
dxc5 Re6 $2 (18... Rd8 $5 19. Qb3 (19. Qf3 Bd3 $10) 19... Nd4 20. Bxd4 Qxd4 21.
Qxb7 Rb8 22. Qxc7 Rxb2 $44) 19. Qf3 Be4 20. Qg4 Qxg4 $16 21. hxg4 Ne7 $2 (21...
Ne5 $5 22. Bf4 $5 (22. Bd4 Nd3 (22... Nxg4 23. f3 $18) 23. Re3 Rd8 $10) (22. f3
Bd3 23. Rad1 Bxf1 24. Kxf1 Rfe8 $14) 22... Nd3 23. Bxd3 Bxd3 24. Bxc7 $16) 22.
Bg5 $1 Re8 23. Rad1 Bc6 24. Rxe6 fxe6 25. Bc4 Nd5 26. Bh4 Nf6 (26... h6 $5 27.
Bg3 Re7 28. Be5 Kf7 $16) 27. f3 Kf7 28. Bg3 Bd5 29. Bd3 Re7 30. g5 Nh5 31. Be5
g6 32. Bc2 Ng7 33. Ba4 {/\Bf6} c6 34. Kf2 Kg8 35. Bc2 Rf7 36. Rd4 Nf5 37. Rd2
Rd7 38. g4 Ng7 39. Ke3 Rf7 40. f4 Kf8 $18 41. Bd1 Ne8 42. Kd4 Rd7 43. Kc3 Ke7
44. Kb4 Kd8 45. Ka5 Nc7 46. Kb6 Kc8 47. a4 Rf7 48. Bc2 Bf3 49. Bxc7 Rxc7 50. f5
Bxg4 (50... gxf5 51. gxf5) 51. f6 Rf7 52. Rd6 e5 53. Bb3 Rf8 54. Be6+ Bxe6 55.
Rxe6 Kd8 56. Kxb7 (56. Kxb7 Re8 57. Rd6#) 1-0